000 01015nam a2200265Ia 4500
001 Para_3201
003 CHAP
008 220125s1980 xx 000 0 und d
010 _a201663
040 _cCHAP
090 _aPA TESIS 434
100 _aGarcía Estrada, Raymundo Saúl
_945972
245 _aControl químico del tizon foliar del cártamo (Alternaria carthami corda) y la influencia de la húmedad relativa y la temperatura, en el desarrollo de la enfermedad en el Valle de Culiacán, Sinaloa, México /
_c Raymundo S. García E.
260 _aCuliacán, Sin. :
_b El autor
300 _a46 p.
502 _aTesis (Ing. Agr. Esp. en Fitopatología) -- Universidad Autónoma de Sinaloa. Escuela Superior de Agricultura
650 _aAzafrancillo
_x Enfermedades Alternaria cartami Fungicidas
_9166572
901 _aPA TESIS 434
902 _aA
905 _a0000001980 CUL 0000000000 00
910 _a1980
942 _cPARA
942 _cPARA
_d1
999 _c201663
_d201663